WWF WrestleMania I Match Card - Statistics

General Stats
  • This quiz has been taken 59 times
  • The average score is 19 of 22
Answer Stats
Match type Wrestler % Correct
Career vs. $15,000 Body Slam Challenge André the Giant
100%
Tag team Hulk Hogan
100%
Tag team Mr. T
100%
Tag team Paul Orndorff
100%
Tag team Roddy Piper
100%
Career vs. $15,000 Body Slam Challenge Big John Studd
97%
Singles Tito Santana
97%
Singles Ricky Steamboat
88%
Singles Greg Valentine
85%
Singles Junkyard Dog
85%
Tag team The Iron Sheik
85%
Singles King Kong Bundy
82%
Tag team Nikolai Volkoff
82%
Tag team Mike Rotundo
79%
Singles The Executioner
79%
Tag team Barry Windham
76%
Singles Brutus Beefcake
76%
Singles David Sammartino
74%
Singles Leilani Kai
71%
Singles Matt Borne
71%
Singles Special Delivery Jones
71%
Singles Wendi Richter
68%
No matching quizzes found
Score Distribution
Percent of People with Each Score
Percentile by Number Answered
Your Score History
You have not taken this quiz